000 01228nab a22002657a 4500
999 _c6444
_d6444
003 OSt
005 20260204100432.0
008 190429b xxu||||| |||| 00| 0 spa d
040 _cPJ
100 _aDegiovanni, Lucía
_97069
245 1 3 _aLa perspectiva obligada :
_bel juicio por jurados en cuestiones de género /
_cLucía Degiovanni.
260 _cCiudad Autónoma de Buenos Aires :
_aThomson Reuters La Ley,
_b2024.
300 _ap. 141-150
500 _aCita Online: AR/DOC/1162/2023.
505 _aSumario: I. Introducción.— II. Composición de jurado y audiencia de voir-dire.— III. Instrucciones al jurado.— IV. Capacitación en materia de género.— V. Conclusiones.— VI. Bibliografía consultada.
505 _tSi te interesa el texto completo, solicitalo a koha@justierradelfuego.gov.ar
650 0 _9343
_aDERECHO PENAL
650 0 _92348
_aPROCESO PENAL
650 0 _93067
_aJUICIO POR JURADOS
650 0 _94044
_aPERSPECTIVA DE GÉNERO
650 0 _93053
_aVIOLENCIA DE GÉNERO
650 0 _95017
_aAUDIENCIA
773 0 _02658
_93164
_tRevista de derecho penal y criminología. Nº 1 - Febrero 2024
_dCiudad Autónoma de Buenos Aires : Thomson Reuters La Ley, 2017-
_x00347914
942 _2udc
_cANA